The Control of Asbestos Regulations 2006 (Record no. 106088)
[ view plain ]
| 000 -LEADER | |
|---|---|
| fixed length control field | 01146cam a2200241 4500 |
| 001 - CONTROL NUMBER | |
| control field | ##L135529 |
| 008 - FIXED-LENGTH DATA ELEMENTS--GENERAL INFORMATION | |
| fixed length control field | 061106n2006 000 0 eng u |
| 020 ## - INTERNATIONAL STANDARD BOOK NUMBER | |
| International Standard Book Number | 0110751914 |
| 035 ## - SYSTEM CONTROL NUMBER | |
| System control number | (Sirsi) u135529 |
| 041 0# - LANGUAGE CODE | |
| Language code of text/sound track or separate title | eng |
| 050 04 - LIBRARY OF CONGRESS CALL NUMBER | |
| Classification number | 549.66 $2 18 |
| 110 1# - MAIN ENTRY--CORPORATE NAME | |
| Corporate name or jurisdiction name as entry element | United Kingdom |
| Form subheading | Laws, etc |
| 9 (RLIN) | 5044 |
| 245 04 - TITLE STATEMENT | |
| Title | The Control of Asbestos Regulations 2006 |
| 260 ## - PUBLICATION, DISTRIBUTION, ETC. | |
| Place of publication, distribution, etc. | London |
| Name of publisher, distributor, etc. | TSO |
| Date of publication, distribution, etc. | 2006 |
| 490 #0 - SERIES STATEMENT | |
| Series statement | SI |
| Volume/sequential designation | 2006: 2739 |
| 520 ## - SUMMARY, ETC. | |
| Summary, etc. | Come into force on 13 November 2006, except Regulation 20(4) which shall come into force on 6 April 2007. Revoke and replace the Control of Asbestos at Work Regulations 2002 and revoke and re-enact, with modifications, the Asbestos (Licensing) Regulations 1983 as amended and the Asbestos (Prohibitions) Regulations 1992 as amended. Also implement several EC directives relating to asbestos. |
| 590 ## - LOCAL NOTE (RLIN) | |
| Local note | IKA141106 NTK |
| 650 24 - SUBJECT ADDED ENTRY--TOPICAL TERM | |
| Topical term or geographic name entry element | CONTROL OF ASBESTOS REGULATIONS 2006 |
| 651 #4 - SUBJECT ADDED ENTRY--GEOGRAPHIC NAME | |
| Geographic name | GREAT BRITAIN |
| 690 ## - LOCAL SUBJECT ADDED ENTRY--TOPICAL TERM (OCLC, RLIN) | |
| Topical term or geographic name as entry element | MANAGEMENT-HEALTH AND SAFETY-HAZARDOUS SUBSTANCES-ASBESTOS |
| 856 40 - ELECTRONIC LOCATION AND ACCESS | |
| Uniform Resource Identifier | <a href="https://www.opsi.gov.uk/si/si2006/20062739.htm">https://www.opsi.gov.uk/si/si2006/20062739.htm</a> |
| Public note | View the Regulations free of charge at www.opsi.gov.uk... |
| 942 ## - ADDED ENTRY ELEMENTS (KOHA) | |
| Suppress in OPAC | 0 |
| Withdrawn status | Lost status | Source of classification or shelving scheme | Damaged status | Not for loan | Home library | Current library | Shelving location | Date acquired | Total Checkouts | Full call number | Barcode | Date last seen | Copy number | Price effective from | Koha item type |
|---|---|---|---|---|---|---|---|---|---|---|---|---|---|---|---|
| Dewey Decimal Classification | Virtual | Virtual | Online | 06/11/2006 | ONLINE PUBLICATION | 135529-3001 | 06/08/2019 | 1 | 06/08/2019 | Book |